Diseño Geométrico de 5.6 Km de pavimento articulado del tramo de carretera comunidad San Luis a la comunidad ocotillo del municipio de San Juan de Limay
En el presente estudio del diseño geométrico de 5.6 km y de pavimento articulado del tramo de carretera comunidad San Luis a la comunidad Ocotillo del municipio de San Juan de Limay muestra la información básica y los criterios que se ocupan para el diseño de la estructura de pavimento articula...
| Main Authors: | , , |
|---|---|
| Other Authors: | |
| Format: | Tesis Section = Libro |
| Language: | Undetermined Spanish |
| Published: |
Managua
UNI
2020
|
| Subjects: |
| LEADER | 01382nam a2200277Ia 4500 | ||
|---|---|---|---|
| 008 | 240830s9999 xx 000 0 und d | ||
| 040 | |a BIBLIOTECA-RUPAP Mon 625.85 P426 | ||
| 041 | |a spa | ||
| 082 | |a Mon 625.85 P426 | ||
| 100 | 1 | |a Peralta García, Normal Alberto | |
| 100 | 1 | |b Herrara Moran, Darwin Isaí | |
| 100 | 1 | |c Parrilla Talavera, César Ariel | |
| 245 | 1 | 0 | |a Diseño Geométrico de 5.6 Km de pavimento articulado del tramo de carretera comunidad San Luis a la comunidad ocotillo del municipio de San Juan de Limay |
| 260 | |a Managua |b UNI |c 2020 | ||
| 300 | |a 100 p. :il. | ||
| 500 | |a Contiene: anexos y CD. | ||
| 502 | |a Tesis (Ingeniero Civil)- UNI, 2020. | ||
| 520 | 3 | |a En el presente estudio del diseño geométrico de 5.6 km y de pavimento articulado del tramo de carretera comunidad San Luis a la comunidad Ocotillo del municipio de San Juan de Limay muestra la información básica y los criterios que se ocupan para el diseño de la estructura de pavimento articulado (Adoquín) aplicando el método AASHTO-93, en dicho trabajo se presenta en ocho capítulos, que se describen a continuación | |
| 650 | 7 | |a PAVIMENTOS- DISEÑO | |
| 650 | 7 | |b PAVIMENTOS DE HORMIGON | |
| 650 | 7 | |c INGENIERIA DE CARRETERA | |
| 650 | 7 | |d DISEÑO GEOMETRICO | |
| 700 | 1 | |a Tutor: |b Juárez Romero, Gioconda Isabel | |
| 942 | |c BK |2 ddc | ||
| 991 | |a TESIS | ||
| 999 | |c 16125 | ||